00909nam a2200265Ia 450000500170000000800360001702000180005310000400007124500350011125000260014630000510017249000140022350000420023765000380027965000420031765000430035965000340040265000360043626400370047233600270050933700330053633800280056904000350059708400110063220220317000323.0141031s2014 c 0 0 gpa d0f s  a97895875830381 aCaballero Holguín, Antoniod1945-10aSin remediocAntonio Caballero aPrimera reimpresión a616 páginas [6] páginas sin numerarc23 cm aNarrativa aIncluye datos biográficos del autor142LEMBaNovela colombianaySiglo XX142LEMBaLiteratura colombianaySiglo XX142LEMBaExistencialismo en la literatura142LEMBaMuerte en la literatura142LEMBaSátira en la literatura aBogotábPunto de lecturac2014 atextobtxt2rdacontent asin mediaciónbn2rdamedia avolumenbnc2rdacarrier aCO-BoRNBPbspaerdacCO-BoRNBP aN CAB9